Brooklyn Nets: Top 10 All-Time Leaders - Statistics

General Stats
  • This quiz has been taken 803 times
    98 since last reset
  • The average score is 49 of 102
Answer Stats
Category # Player Amount % Correct
Points 1 Brook Lopez 10,444
94%
Rebounds 3 Brook Lopez 4,005
94%
Blocks 1 Brook Lopez 972
94%
Games 2 Brook Lopez 562
94%
Field Goal Percent 8 Kevin Durant 53.5%
94%
Points Per Game 2 Kevin Durant 29.0
94%
Triple-Doubles T3 Kevin Durant 5
94%
Three Pointers Made 8 Kyrie Irving 438
94%
Points Per Game 4 Kyrie Irving 27.1
94%
Points 5 Jason Kidd 7,373
92%
Rebounds 6 Jason Kidd 3,662
92%
Assists 1 Jason Kidd 4,620
92%
Steals 1 Jason Kidd 950
92%
Three Pointers Made 2 Jason Kidd 813
92%
Games 6 Jason Kidd 506
92%
Triple-Doubles 1 Jason Kidd 61
92%
Triple-Doubles 2 James Harden 21
86%
Points 2 Buck Williams 10,440
80%
Rebounds 1 Buck Williams 7,576
80%
Steals 6 Buck Williams 599
80%
Blocks 3 Buck Williams 696
80%
Field Goal Percent 6 Buck Williams 55.0%
80%
Games 1 Buck Williams 635
80%
Assists 4 Deron Williams 2,078
80%
Three Pointers Made 7 Deron Williams 485
80%
Rebounds 7 Jayson Williams 3,328
80%
Blocks 2 George Johnson 863
78%
Three Pointers Made 6 Joe Johnson 516
78%
Rebounds 9 Nic Claxton 2,875
76%
Blocks 4 Nic Claxton 611
76%
Field Goal Percent 1 Nic Claxton 62.2%
76%
Triple-Doubles T10 Nic Claxton 2
76%
Points 3 Vince Carter 8,834
73%
Assists 7 Vince Carter 1,762
73%
Three Pointers Made 4 Vince Carter 638
73%
Points Per Game 5 Vince Carter 23.6
73%
Triple-Doubles T6 Vince Carter 4
73%
Points 7 Julius Erving 7,104
67%
Rebounds 10 Julius Erving 2,738
67%
Steals 7 Julius Erving 583
67%
Blocks 7 Julius Erving 521
67%
Points Per Game 3 Julius Erving 28.2
67%
Points 4 Richard Jefferson 8,507
57%
Assists 8 Richard Jefferson 1,486
57%
Games 9 Richard Jefferson 489
57%
Points 9 Derrick Coleman 6,930
53%
Rebounds 4 Derrick Coleman 3,690
53%
Blocks 6 Derrick Coleman 559
53%
Triple-Doubles T6 Derrick Coleman 4
53%
Triple-Doubles T10 Jim Jackson 2
49%
Three Pointers Made 9 D'Angelo Russell 381
47%
Field Goal Percent 9 Drazen Petrovic 51.1%
43%
Field Goal Percent 2 Jarrett Allen 61.2%
43%
Assists 3 Kenny Anderson 2,363
41%
Triple-Doubles T3 Kenny Anderson 5
41%
Assists 9 Devin Harris 1,473
35%
Three Pointers Made 1 Joe Harris 984
35%
Points 8 Kerry Kittles 7,096
35%
Steals 3 Kerry Kittles 803
35%
Three Pointers Made 3 Kerry Kittles 687
35%
Games 8 Kerry Kittles 496
35%
Points Per Game 10 Bernard King 20.2
33%
Assists 10 Michael Ray Richardson 1,410
33%
Steals 9 Michael Ray Richardson 552
33%
Triple-Doubles T8 Michael Ray Richardson 3
33%
Points 6 John Williamson 7,202
31%
Assists 5 Spencer Dinwiddie 1,985
31%
Three Pointers Made 5 Spencer Dinwiddie 560
31%
Points Per Game 6 Stephon Marbury 23.0
31%
Points Per Game 7 Mikal Bridges 21.2
29%
Points Per Game 1 Rick Barry 30.6
22%
Steals 8 Eddie Jordan 562
20%
Games 4 Jason Collins 532
18%
Triple-Doubles T10 Rumeal Robinson 2
18%
Steals 5 Kendall Gill 652
16%
Triple-Doubles T3 Shawn Bradley 5
14%
Points 10 Chris Morris 6,762
12%
Rebounds 8 Chris Morris 2,918
12%
Steals 4 Chris Morris 784
12%
Blocks 9 Chris Morris 468
12%
Three Pointers Made 10 Chris Morris 368
12%
Games 5 Chris Morris 510
12%
Field Goal Percent 3 Darryl Dawkins 60.1%
12%
Rebounds 5 Mike Gminski 3,671
12%
Blocks 5 Mike Gminski 599
12%
Games 3 Mike Gminski 550
12%
Games 7 Bill Melchionni 502
10%
Rebounds 2 Billy Paultz 4,544
10%
Blocks 8 Billy Paultz 498
10%
Assists 2 Bill Melchionni 3,044
8%
Field Goal Percent 4 Day'Ron Sharpe 56.4%
8%
Field Goal Percent 10 Thaddeus Young 50.9%
8%
Steals 10 Brian Taylor 500
4%
Blocks 10 Chris Dudley 466
4%
Field Goal Percent 7 Josh Boone 54.4%
4%
Field Goal Percent 5 Trooper Washington 55.8%
4%
Assists 6 Darwin Cook 1,970
2%
Steals 2 Darwin Cook 875
2%
Games 10 Darwin Cook 464
2%
Points Per Game 8 Mike Newlin 21.2
2%
Triple-Doubles T8 Lester Conner 3
0%
Points Per Game 9 Levern Tart 20.4
0%
No matching quizzes found
Score Distribution
Percent of People with Each Score
Percentile by Number Answered
Your Score History
You have not taken this quiz since the last reset